000 00346nam a22001337a 4500
999 _c2602
_d2602
008 200311b ||||| |||| 00| 0 eng d
100 _92194
_aWelty, J.R.
245 1 0 _aFundamentals of momentum
_cby J.R. Welty.
250 _a4th ed.
260 _aNew York,
_bJohn Wiley:
_c2001.
300 _axii,759p.
650 0 _aHeat Transmission
942 _cBK